000 00550nam a22001697a 4500
003 NUST
038 _aNusrat Nadeem
082 _a200
100 _aBatool, Soha
_9126070
245 _aSOLAR ENERGY DEVELOPMENT IN PAKISTAN BARRIERS AND POLICY RECOMMENDATIONS/
_cSoha Batool,
264 _aIslamabad;
_bS3H NUST;
_c2024.
300 _a189,p
_bill;
_c30,cm.
650 _aMS-Governance and Public Policy
_9126071
700 _aSupervisor: Dr. Uzair Hashmi
_9125689
856 _uhttp://10.250.8.41:8080/xmlui/handle/123456789/46712
942 _2ddc
_cSC
999 _c611797
_d611797